Dificultades en la lectura y en la escritura: análisis de sus causas y recursos para su corrección

Gorde:
Xehetasun bibliografikoak
Egile nagusia: Tavella, Nicolás Marcelino (Egilea)
Formatua: Liburua
Hizkuntza:gaztelania
Argitaratua: Rosario Biblioteca 1969
Saila:Colección Práxis, 4
Gaiak:
Etiketak: Etiketa erantsi
Etiketarik gabe, Izan zaitez lehena erregistro honi etiketa jartzen!

MARC

LEADER 00000nam a2200000 a 4500
001 UCU0147
003 CL-VaPUC
008 960315e19690000AG |||||||||||||||||spa|d
082 0 4 |a 372.43  |b TAV  |2 21 
100 0 |a Tavella, Nicolás Marcelino  |e author  |9 355151 
245 1 0 |a Dificultades en la lectura y en la escritura: análisis de sus causas y recursos para su corrección 
300 |a 51 p 
942 |c BK 
945 |d 19960315 00:00:00  |a paguirre 
260 |a Rosario  |b Biblioteca  |c 1969 
650 0 |a Lectura  |9 307634 
650 0 |a Escritura  |9 264941 
650 0 |a Trastornos del aprendizaje  |9 307969 
650 0 |a Psicología educacional   |9 307830 
650 0 |a Métodos de enseñanza  |9 270413 
650 0 |a Enseñanza de la escritura  |9 307377 
583 |a last modification  |c 19960315 00:00:00  |k Rodrigo Vera 
490 0 |a Colección Práxis, 4 
999 |c 245091  |d 245089 
952 |0 0  |1 0  |4 0  |6 372_430000000000000_TAV_1969  |7 0  |8 P  |9 259473  |a BIBEDU  |b BIBEDU  |c BIBEDU_PB  |d 2019-11-19  |i 1631969  |o 372.43 TAV 1969  |p 1631969  |r 2024-01-25  |w 2019-11-19  |y BK  |k EDU